000 00734nam a2200193Ia 4500
008 151121s9999||||xx |||||||||||||| ||und||
082 _a789/गर्ग
082 _bHNW-58527
100 _aगर्ग बाळकृष्ण
245 _aअप्रचलित कायदे और गतें
260 _b"संगीत कार्यालय, हाथरस,उत्तरप्रदेश"
260 _c--
300 _a148
600 _aगर्ग बाळकृष्ण
630 _aअप्रचलित कायदे और गतें
700 _aगर्ग बाळकृष्ण
730 _aअप्रचलित कायदे और गतें
942 _cBOOK
999 _c1240345
_d1240342